|
|
|
|
| LEADER |
01318nam a2200253 u 4500 |
| 001 |
10117838 |
| 003 |
upatras |
| 005 |
20210117205606.0 |
| 008 |
151008s2014 gr gre |
| 020 |
|
|
|a 9789607032669
|
| 040 |
|
|
|a GR-PaULI
|c GR-PaULI
|
| 041 |
0 |
|
|a gre
|
| 082 |
0 |
4 |
|a 551.5
|
| 110 |
|
0 |
|a Επιτροπή Μελέτης Επιπτώσεων Κλιματικής Αλλαγής
|9 22478
|
| 245 |
1 |
0 |
|a Ελληνικός τουρισμός και κλιματική αλλαγή
|b πολιτικές προσαρμογής και νέα στρατηγική ανάπτυξης
|c Επιτροπή Μελέτης Επιπτώσεων Κλιματικής Αλλαγής
|
| 260 |
|
|
|a Αθήνα
|b Τράπεζα της Ελλάδος
|c 2014
|
| 300 |
|
|
|a x, 148 σ.
|b σχήμ.
|c 28 εκ.
|
| 504 |
|
|
|a Περιλαμβάνει βιβλιογραφία
|
| 650 |
|
4 |
|a Κλιματικές μεταβολές
|x Περιβαλλοντικές απόψεις
|9 140355
|
| 852 |
|
|
|a GR-PaULI
|b ΠΑΤΡΑ
|b ΒΚΠ
|b ΒΣ1
|k ΑΣΧΕ
|h 551.5 ΕΜΕ
|m 132754
|p 025000039574
|t 1
|
| 942 |
|
|
|2 ddc
|c BK15
|
| 952 |
|
|
|0 0
|1 0
|4 0
|6 551_500000000000000_ΕΜΕ
|7 0
|9 185016
|a LISP
|b LISP
|c BSC
|d 2016-04-24
|i 132754
|l 0
|o 551.5 ΕΜΕ
|p 025000039574
|r 2016-04-24 00:00:00
|t 1
|w 2016-04-24
|y BK15
|
| 998 |
|
|
|c ΒΑΣΙΛΕΙΟΥ
|d 2015-10
|
| 999 |
|
|
|c 114005
|d 114005
|